Physicochemical, adsorption, and catalytic properties of high-silica zeolites of the MFI type in the conversion of the propane–butane fraction into aromatic hydrocarbons; Theoretical Foundations of Chemical Engineering; Vol. 50, iss. 4

Dades bibliogràfiques
Parent link:Theoretical Foundations of Chemical Engineering.— , 2000-
Vol. 50, iss. 4.— 2016.— [P. 542-546]
Autor principal: Bozhenkova G. S. Galina Sergeevna
Autor corporatiu: Национальный исследовательский Томский политехнический университет Институт природных ресурсов Кафедра технологии органических веществ и полимерных материалов, Национальный исследовательский Томский политехнический университет Институт природных ресурсов Кафедра геологии и разработки нефтяных месторождений
Altres autors: Khomyakov I. S. Ivan Sergeevich
Sumari:Title screen
The complex of physicochemical properties of high-silica zeolites of the MFI-type obtained using organic templates, including hexamethylenediamine, POD-oils, and pentaerythritol, has been investigated. It was shown that zeolites produced using different templates demonstrated different activity and selectivity in the process of converting the propane–butane fraction into aromatic hydrocarbons.
Режим доступа: по договору с организацией-держателем ресурса
Idioma:anglès
Publicat: 2016
Matèries:
Accés en línia:http://dx.doi.org/10.1134/S0040579516040060
Format: Electrònic Capítol de llibre
KOHA link:https://koha.lib.tpu.ru/cgi-bin/koha/opac-detail.pl?biblionumber=650828

MARC

LEADER 00000naa0a2200000 4500
001 650828
005 20250317115639.0
035 |a (RuTPU)RU\TPU\network\16077 
090 |a 650828 
100 |a 20161024d2016 k||y0rusy50 ba 
101 0 |a eng 
102 |a US 
135 |a arcn ---uucaa 
181 0 |a i  
182 0 |a b 
200 1 |a Physicochemical, adsorption, and catalytic properties of high-silica zeolites of the MFI type in the conversion of the propane–butane fraction into aromatic hydrocarbons  |f G. S. Bozhenkova, I. S. Khomyakov 
203 |a Text  |c electronic 
300 |a Title screen 
320 |a [References: 14 tit.] 
330 |a The complex of physicochemical properties of high-silica zeolites of the MFI-type obtained using organic templates, including hexamethylenediamine, POD-oils, and pentaerythritol, has been investigated. It was shown that zeolites produced using different templates demonstrated different activity and selectivity in the process of converting the propane–butane fraction into aromatic hydrocarbons. 
333 |a Режим доступа: по договору с организацией-держателем ресурса 
461 |t Theoretical Foundations of Chemical Engineering  |d 2000- 
463 |t Vol. 50, iss. 4  |v [P. 542-546]  |d 2016 
610 1 |a электронный ресурс 
610 1 |a труды учёных ТПУ 
610 1 |a цеолиты 
610 1 |a катализ 
610 1 |a пропан-бутановые фракции 
700 1 |a Bozhenkova  |b G. S.  |c chemical engineer  |c Associate Scientist, engineer of Tomsk Polytechnic University  |f 1986-  |g Galina Sergeevna  |3 (RuTPU)RU\TPU\pers\32227  |9 16227 
701 1 |a Khomyakov  |b I. S.  |c Specialist in the field of oil and gas business  |c Senior Lecturer of Tomsk Polytechnic University, candidate of chemical Sciences  |f 1988-  |g Ivan Sergeevich  |3 (RuTPU)RU\TPU\pers\32226  |9 16226 
712 0 2 |a Национальный исследовательский Томский политехнический университет  |b Институт природных ресурсов  |b Кафедра технологии органических веществ и полимерных материалов  |3 (RuTPU)RU\TPU\col\18659  |9 27112 
712 0 2 |a Национальный исследовательский Томский политехнический университет  |b Институт природных ресурсов  |b Кафедра геологии и разработки нефтяных месторождений  |3 (RuTPU)RU\TPU\col\18657  |9 27110 
801 2 |a RU  |b 63413507  |c 20161024  |g RCR 
856 4 |u http://dx.doi.org/10.1134/S0040579516040060 
942 |c CF